[Event "MCR mladeze 2021 - D12"]
[Site "Kouty nad Desnou"]
[Date "2021.06.24"]
[Round "3"]
[White "Buchtova, Viktorie"]
[Black "Zilava, Lucie"]
[Result "1-0"]
[WhiteElo "1432"]
[BlackElo "1074"]
[EventDate "2021.06.22"]

1. e4  e5  2. Nf3  Nf6
3. Nxe5  Nc6  4. Nxc6
dxc6  5. Nc3  Bc5
6. Bc4  Ng4  7. d4
Bxd4  8. Be3  c5
9. h3  Nxe3  10. fxe3
Bxc3+  11. bxc3  Qxd1+
12. Rxd1  O-O  13. O-O
Re8  14. Bxf7+  Kf8
15. Bc4+  1-0

[Event "MCR mladeze 2021 - D12"]
[Site "Kouty nad Desnou"]
[Date "2021.06.24"]
[Round "4"]
[White "Zadrapova, Amalie"]
[Black "Rybackova, Lucie"]
[Result "1/2-1/2"]
[WhiteElo "1471"]
[BlackElo "1372"]
[EventDate "2021.06.22"]

1. c4  e6  2. Nc3  d5
3. cxd5  exd5  4. d4
Nf6  5. g3  c6
6. Bg2  Be7  7. Nf3  O-O
8. O-O  Bf5  9. a3 Nbd7
10. Bf4  a5  11. Nh4
Bg6  12. Nxg6  hxg6
13. Rb1  Nh5  14. Bc1
f5  15. Qb3  Qb6
16. Qxb6  Nxb6  17. Bf4
Nxf4  18. gxf4  Nc4
19. Rfd1  Kh7  20. Rd3
Rad8  21. Na4  b5
22. Nc3  b4  23. axb4
axb4  24. Nd1  Rfe8
25. Ne3  Nxe3  26. Rxe3
Bf6  27. Rxe8  Rxe8
28. e3  Ra8  29. h3
g5  30. fxg5  Bxg5
31. Rc1  Ra6  32. Kf1
Kg6  33. Ke2  Bh4
34. f3  Kf7  35. e4
Ra2  36. Rxc6 Rxb2+ 37. Kf1 Ra2 1/2-1/2

[Event "MCR mladeze 2021 - D12"]
[Site "Kouty nad Desnou"]
[Date "2021.06.24"]
[Round "4"]
[White "Horkova, Tereza"]
[Black "Slivova, Linda"]
[Result "1/2-1/2"]
[WhiteElo "1230"]
[BlackElo "1150"]
[EventDate "2021.06.22"]

1. e4  c6  2. d4  d5
3. e5  Bf5  4. Nf3
e6  5. Be2  c5
6. c3  cxd4  7. cxd4  Ne7
8. Nc3  Nec6  9. a3
Be7  10. Be3  Nd7
11. Rc1  Rc8  12. O-O
O-O  13. Qd2  Na5
14. Qd1  Nc4  15. Bxc4
Rxc4  16. Qb3  Nb6
17. Ne2  Qd7  18. Rxc4
Nxc4  19. Nd2  Rc8
20. Nxc4  Rxc4  21. Rc1
Rxc1+  22. Bxc1  h6
23. Nc3  a6  24. Qb6
Bd8  25. Qc5  Qc7
26. Na4  b6  27. Qxc7
Bxc7  28. Kf1  Bc2
29. Nc3  Kf8  30. Ke2
Ke7  31. Ke3  f6
32. f4  b5  33. Kf3
Bb6  34. Be3  Kf7
35. Kg4  Bf5+  36. Kf3
fxe5  37. fxe5  g5
38. g4  Bd3  1/2-1/2

[Event "MCR mladeze 2021 - D12"]
[Site "Kouty nad Desnou"]
[Date "2021.06.24"]
[Round "4"]
[White "Svacinova, Valentyna"]
[Black "Brezikova, Beata"]
[Result "0-1"]
[WhiteElo "1128"]
[BlackElo "1219"]
[EventDate "2021.06.22"]

1. e4  e5  2. Nf3  Nc6
3. Bc4  Nf6  4. Ng5
d5  5. exd5  b5
6. Bxb5  Qxd5  7. Bxc6+  Qxc6
8. O-O  Bd6  9. Nc3
O-O  10. d3  h6
11. Nge4  Nxe4  12. Nxe4  Bb7
13. Re1  f5  14. f3
fxe4  15. Rxe4  Qb6+
16. Be3  Bc5  17. Qe2
Bxe4  18. Bf2  Bxf2+
19. Qxf2  Qxf2+  20. Kxf2
Bc6  21. Re1  Rae8
22. c4  e4  23. dxe4
Rxe4  24. Rxe4  Bxe4
0-1

[Event "MCR mladeze 2021 - D12"]
[Site "Kouty nad Desnou"]
[Date "2021.06.24"]
[Round "4"]
[White "Kammova, Katerina"]
[Black "Mikesova, Lenka"]
[Result "0-1"]
[WhiteElo "1121"]
[BlackElo "1010"]
[EventDate "2021.06.22"]

1. e4  e5  2. Nf3  Nc6
3. Bc4  Nf6 4. Ng5 d5  5. exd5
b5  6. Bxb5  Qxd5
7. Nc3  Qxg2  8. Rf1
Bd7  9. Bc4  Qxg5
10. d4  Qf5  11. b3
Nxd4  12. Bd3  e4
13. Bxe4  Nxe4  14. Qxd4
Nxc3  15. Qxc3  Qe4+
16. Qe3  Bb4+  17. Bd2
Qxe3+  18. fxe3  Bxd2+
19. Kxd2  O-O-O  20. Kc3
Be6  21. a4  a5
22. Rg1  g6  23. Rg2  Rhe8
24. b4  axb4+  25. Kxb4
Bf5  26. c3  Rxe3
27. a5  Kb7  28. a6+
Ka7  29. c4  Kb6
30. Rb2  Bd7  31. c5+
Ka7  32. Kc4  Be6+
33. Kb5  Rb8+  34. Kc6
Rxb2  35. Kxc7  Rd3
36. c6  Rb8  0-1

[Event "MCR mladeze 2021 - D12"]
[Site "Kouty nad Desnou"]
[Date "2021.06.24"]
[Round "4"]
[White "Buchtova, Viktorie"]
[Black "Dorazilova, Kristyna"]
[Result "1-0"]
[WhiteElo "1432"]
[BlackElo "1105"]
[EventDate "2021.06.22"]

1. e4  d6  2. d4  Nf6
3. Nc3  Nbd7  4. f4
e5  5. Nf3  exd4
6. Qxd4  c6  7. Be3
Be7  8. Be2  Qc7
9. h3  O-O  10. O-O-O
b5  11. g4  Ne8
12. g5  a5  13. h4  b4
14. Nb1  c5  15. Qd3
Ba6  16. Qd2  Bb7
17. e5  a4  18. Rh3
a3  19. b3  Nb6
20. h5  Bc8  21. Rh2  Bb7
22. Rh3  Bc8  23. Rg3
Rb8  24. Bb5  d5
25. g6  fxg6  26. hxg6
h6  27. Rh1  Be6
28. Qh2  Bf5  29. Rg2
Qc8  30. Ng5  Nc7
31. Nf7  Rxf7  32. gxf7+
Kxf7  33. Be2  Bf8
34. Qh5+  Ke6  35. Bg4
Bxg4  36. Qxg4+  Kf7
37. Qg6+  Ke7  38. Bxc5+
Kd7  39. Bxb6  Ne6
40. Qf7+  Kc6  41. Rg6
Kxb6  42. Qxe6+  Qxe6
43. Rxe6+  Kc5  44. f5
d4  45. f6  gxf6
46. exf6  Kd5  47. Ra6
Ke5  48. Kd2  Ke4
49. Ke2  Ke5  50. Kf3
Kf5  51. f7  Rc8
52. Rh5#  1-0

[Event "MCR mladeze 2021 - D12"]
[Site "Kouty nad Desnou"]
[Date "2021.06.24"]
[Round "4"]
[White "Kaplanova, Dominika"]
[Black "Barteckova, Valerie"]
[Result "1/2-1/2"]
[WhiteElo "1158"]
[BlackElo "1292"]
[EventDate "2021.06.22"]

1. e4  e5  2. Nf3  Nc6
3. d4  exd4  4. Nxd4
Nf6  5. Nxc6  bxc6
6. Nc3  d6  7. Bg5
Be7  8. Bd3  O-O
9. O-O  Rb8  10. Rb1
Nd7  11. Bxe7  Qxe7
12. Qh5  Ne5  13. f4
Nxd3  14. cxd3  Bd7
15. Rfe1  Kh8  16. Qa5
Rb7  17. e5  d5
18. Qa3  Qxa3  19. bxa3  Rfb8 20.
d4  Bf5  21. Rxb7  Rxb7
22. h3  g6  23. g4
Be6  24. Rb1  Rxb1+
25. Nxb1 Kg7  26. Nc3  f6
27. Na4  fxe5  28. fxe5
h5  29. Nc5  Kf7
30. gxh5  Bxh3  31. hxg6+
Kxg6  32. Kf2  Bf5
33. a4  a5  34. Na6
Bc2  35. Nxc7  Bxa4
1/2-1/2

[Event "MCR mladeze 2021 - D12"]
[Site "Kouty nad Desnou"]
[Date "2021.06.24"]
[Round "4"]
[White "Stehlikova, Vanessa"]
[Black "Stavova, Lucie"]
[Result "1/2-1/2"]
[WhiteElo "1034"]
[BlackElo "1105"]
[EventDate "2021.06.22"]

1. e4  e5  2. Nf3  Nc6
3. d4  exd4  4. Nxd4
Bc5  5. Be3  Qf6
6. c3  Nge7  7. Bc4
O-O  8. O-O  a6
9. Nxc6  Qxc6  10. Bxf7+  Rxf7
11. Bxc5  Qxc5  12. b4
Qc6  13. Re1  d5
14. exd5  Nxd5  15. Nd2
Nxc3  16. Qb3  Nd5
17. Nf3  Be6  18. Ne5
Nb6  19. Nxc6  Bxb3
20. Ne5  Nd7  21. axb3
Nxe5  22. Rxe5  Rd7
23. h3  b6  24. g4
Rdd8  25. Kg2  a5
26. bxa5  bxa5  27. Rexa5
Rxa5  28. Rxa5  Rc8
29. Ra1  c5  30. Rb1
Rb8  31. Rc1  Rc8
32. b4  1/2-1/2

[Event "MCR mladeze 2021 - D12"]
[Site "Kouty nad Desnou"]
[Date "2021.06.24"]
[Round "4"]
[White "Sochorova, Valentyna"]
[Black "Lackova, Ludmila"]
[Result "1-0"]
[WhiteElo "1053"]
[BlackElo "1013"]
[EventDate "2021.06.22"]

1. e4  e5  2. Ne2  Nf6
3. f4  exf4  4. Nxf4
Nxe4  5. Qe2  Qe7
6. Nd5  Qe6  7. Nxc7+
Kd8  8. Nxe6+  dxe6
9. Qxe4  Nc6  10. d4
Bd7  11. Bb5  Be7
12. Rf1  Rf8  13. Nc3
a6  14. Ba4  Rc8
15. d5  Nb8  16. Bxd7
Nxd7  17. dxe6  Nf6
18. Qd4+  Ke8  19. Rxf6
Rd8  20. exf7+  Rxf7
21. Qe4  gxf6  22. Nd5
Rd7  23. Bd2  f5
24. Qe5  Kd8  25. Qb8#
1-0

[Event "MCR mladeze 2021 - D12"]
[Site "Kouty nad Desnou"]
[Date "2021.06.24"]
[Round "4"]
[White "Zilava, Lucie"]
[Black "Bouchalova, Kveta"]
[Result "0-1"]
[WhiteElo "1074"]
[BlackElo "1230"]
[EventDate "2021.06.22"]

1. e4  e5  2. Nf3  Nc6
3. d4  exd4  4. Nxd4
Nf6  5. Nxc6  bxc6
6. Nc3  Bb4  7. Bg5
h6  8. Bh4  Qe7
9. f3  Qe6  10. b3  Bxc3+
11. Kf2  Bxa1  12. Qxa1
O-O  13. Bc4  d5
14. Bd3  Re8  15. Re1
Nd7  16. exd5  Qxe1+
17. Qxe1  Rxe1  18. Kxe1
cxd5  19. Bg3  c6
20. c4  Nc5  21. Be2
Bf5  22. cxd5  cxd5
23. b4  Nd7  24. Ba6
Nb6  25. Bb7  Rd8
26. Be5  d4  27. Kd2
Nc4+  28. Kc1  Nxe5
29. f4  Nc4  30. Bf3
d3  31. g4  d2+
32. Kd1  Bd3  33. Bc6  Be2+
34. Kxe2  d1=Q+  35. Kf2
Rd2+  36. Kg3  Qg1+
37. Kh3  Qe3+  38. Bf3
Qxf3+  39. Kh4  Rxh2#
0-1

[Event "MCR mladeze 2021 - D12"]
[Site "Kouty nad Desnou"]
[Date "2021.06.25"]
[Round "5"]
[White "Slivova, Linda"]
[Black "Zadrapova, Amalie"]
[Result "1/2-1/2"]
[WhiteElo "1150"]
[BlackElo "1471"]
[EventDate "2021.06.22"]

1. d4  d5  2. e3  Nf6
3. Bd3  e6  4. Nd2
Nbd7  5. f4  c5
6. c3  b6  7. Ngf3  Bb7
8. O-O  Ne4  9. Ne5
Ndf6  10. Bb5+  Ke7
11. Nxe4  Nxe4  12. Qh5
g6  13. Qh4+  Nf6
14. g4  Bg7  15. Kh1
h5  16. g5  Ne4
17. Bd3  Nd6  18. Bxg6  Bxe5
19. fxe5  fxg6  20. exd6+
Qxd6  21. Rf6  Rhg8
22. Bd2  Raf8  23. Raf1
Rxf6  24. Rxf6  Ke8
25. Be1  Qd7  26. Qf4
Bc8 27. Bg3  cxd4  28. exd4
Qb7  29. Qd6  Qd7
30. Qf4  Qb7  31. Qf3
Qd7  32. Qd3  Qh7
33. Qb5+ Kd8  34. Qf1  Ke8
35. Bd6  Qg7  36. Qb5+
Kd8  37. Qd3  Qd7
38. Be5  Qh7 39. c4  dxc4
40. Qxc4  Qd7  41. Kg1
b5  42. Qc5 a6  43. Qb6+
Ke8  44. Qc7  Qxc7
45. Bxc7  Kd7  46. Be5
Kc6  47. Kf2 Kd7 48. h4  Ke7
49. Ke3  Bb7  50. Kd3
Bd5  51. a3  Kd7
52. Kc3  Be4  53. Kb4
Bf5  54. Rf7+  1/2-1/2

[Event "MCR mladeze 2021 - D12"]
[Site "Kouty nad Desnou"]
[Date "2021.06.25"]
[Round "5"]
[White "Rybackova, Lucie"]
[Black "Horkova, Tereza"]
[Result "1-0"]
[WhiteElo "1372"]
[BlackElo "1230"]
[EventDate "2021.06.22"]

1. e4  c5  2. Nf3  e6
3. Nc3  Nc6  4. Be2
d5  5. exd5  exd5
6. O-O  Nf6  7. d4
b6  8. Bg5  Be6
9. Re1  Be7  10. Bb5  Qd6
11. Bf4  Qxf4  12. Bxc6+
Kd8  13. Bxa8  Kc7
14. Nb5+  Kb8  15. Bc6
Rc8  16. Ne5  Ne4
17. Qf3  Qxf3  18. gxf3
Ng5  19. Nd7+  Bxd7
20. Bxd7  Nxf3+  21. Kg2
Nxe1+  22. Rxe1  Rd8
23. Rxe7  a6  24. Nc3
cxd4  25. Nxd5  b5
26. Bc6  b4  27. Rb7+
Kc8  28. Nb6#  1-0

[Event "MCR mladeze 2021 - D12"]
[Site "Kouty nad Desnou"]
[Date "2021.06.25"]
[Round "5"]
[White "Brezikova, Beata"]
[Black "Mikesova, Lenka"]
[Result "0-1"]
[WhiteElo "1219"]
[BlackElo "1010"]
[EventDate "2021.06.22"]

1. e4  e5  2. Nf3  Nc6
3. Bc4  Nf6  4. Ng5
d5  5. exd5  b5
6. Bf1  Qxd5  7. Nc3  Qd8
8. Bxb5  Bd7  9. O-O
Bd6  10. Re1  O-O
11. h3  Rb8  12. Bc4
Nd4  13. d3  Bc6
14. Nge4  Bb4  15. Bg5
Be7  16. Nxf6+  Bxf6
17. Bxf6  Qxf6  18. Ne4
Bxe4  19. Rxe4  Rxb2
20. Bb3  Qc6  21. Rc1
Qf6  22. Ra1  Qc6
23. Rc1  Qf6  24. Qe1
Qg6  25. Rg4  Qf6
26. Re4  Qg5  27. Rg4
Qxc1  28. Qxc1  Ne2+
29. Kh2  Nxc1  30. Bc4
Rxc2  0-1

[Event "MCR mladeze 2021 - D12"]
[Site "Kouty nad Desnou"]
[Date "2021.06.25"]
[Round "5"]
[White "Barteckova, Valerie"]
[Black "Buchtova, Viktorie"]
[Result "1-0"]
[WhiteElo "1292"]
[BlackElo "1432"]
[EventDate "2021.06.22"]

1. e4  c5  2. Nf3  d6
3. Bb5+  Bd7  4. Bxd7+
Qxd7  5. c4  Nc6
6. Nc3  g6  7. d4
cxd4  8. Nxd4  Bg7
9. Be3  Nf6  10. O-O
Ng4  11. Qd2  Nxe3
12. fxe3  O-O  13. Rad1
Rac8  14. b3  Ne5
15. h3  a6  16. a4
Rc5  17. Kh1  Kh8
18. Kg1  Nc6  19. Nd5
Qd8  20. Kh1  e6
21. Nxc6  Rxc6  22. Nb4
Rc5  23. Qxd6  Qxd6
24. Rxd6  Re5  25. Rf3
Rxe4  26. Rd7  a5
27. Nc2  f5  28. Rxb7
Rd8  29. Rf2  Be5
30. Kg1  Rd1+  31. Rf1
Bh2+  32. Kf2  Rd2+
33. Kf3  Rxc2  34. Rd1
Rf4+  35. exf4  Rc3+
36. Ke2  Rc2+  37. Kf1
Rf2+  38. Kxf2  Bg3+
39. Kxg3  h5  40. Rd8# 1-0

[Event "MCR mladeze 2021 - D12"]
[Site "Kouty nad Desnou"]
[Date "2021.06.25"]
[Round "5"]
[White "Hladka, Leontyna"]
[Black "Kaplanova, Dominika"]
[Result "1/2-1/2"]
[WhiteElo "1127"]
[BlackElo "1158"]
[EventDate "2021.06.22"]

1. e4  e5  2. Nf3  Nc6
3. d4  exd4  4. Nxd4
Bc5  5. Be3  Qf6
6. c3  Nge7  7. Bc4
O-O  8. O-O  Bb6
9. Na3  d6  10. Nac2
Kh8  11. f4  Be6
12. Be2  d5  13. e5
Qg6  14. Bd3  Qg4
15. Qxg4  Bxg4  16. Kh1
Nxd4  17. Nxd4  c5
18. Nb5  c4  19. Bxb6
axb6  20. Bc2  Bf5
21. Bxf5  Nxf5  22. Rfe1
Ra5  23. Nd4  Nxd4
24. cxd4  Re8  25. a3
b5  26. g3  Ra6
27. Re2  b4  28. Re3  b5
29. Rae1  g6  30. axb4
Ra4  31. b3  Rxb4
32. Kg2  cxb3  33. Rb1
Rxd4  34. Rexb3  Rd2+
35. Kg1  f6  36. Rxb5
fxe5  37. Rb8  Rxb8
38. Rxb8+  Kg7  39. fxe5
Re2  40. Rb7+  Kg8
41. Rd7  Rxe5  42. Kf2
Rf5+  43. Ke3  Rh5
44. h4  Rf5 1/2-1/2

[Event "MCR mladeze 2021 - D12"]
[Site "Kouty nad Desnou"]
[Date "2021.06.25"]
[Round "5"]
[White "Bouchalova, Kveta"]
[Black "Sochorova, Valentyna"]
[Result "0-1"]
[WhiteElo "1230"]
[BlackElo "1053"]
[EventDate "2021.06.22"]

1. e4  d5  2. exd5  Qxd5
3. Nc3  Qa5  4. d4
Nf6  5. Nf3  Nc6
6. Bb5  Bd7  7. d5
Nb4  8. Bxd7+  Nxd7
9. O-O  Nf6  10. a3
Nbxd5  11. Nxd5  Nxd5
12. Ne5  Nb6  13. Re1
e6  14. Qe2  Bd6
15. Bd2  Qd5  16. Nd3
a5  17. b4  a4
18. Bc3  f6  19. Qxe6+  Qxe6
20. Rxe6+  Kf7  21. Re4 Rae8
22. Rxe8  Rxe8  23. Re1
Rxe1+  24. Bxe1  Nc4
25. Bc3  Nxa3  26. Nb2
b5  27. Kf1  Nxc2
28. Nd3  a3  29. Nc1
Bxb4  30. Bxb4  Nxb4
31. Nb3  a2  32. Ke2
Nc2  33. Kd3  a1=Q
34. Nxa1  Nxa1  35. Kc3
Ke6  0-1

[Event "MCR mladeze 2021 - D12"]
[Site "Kouty nad Desnou"]
[Date "2021.06.25"]
[Round "5"]
[White "Dorazilova, Kristyna"]
[Black "Svacinova, Valentyna"]
[Result "1-0"]
[WhiteElo "1105"]
[BlackElo "1128"]
[EventDate "2021.06.22"]

1. e4  e5  2. Nf3  Nc6
3. Bb5  Nf6  4. O-O
Bc5  5. Re1  O-O
6. c3  d6  7. h3
a6  8. Ba4  b5
9. Bc2  Bb7  10. d4  Bb6
11. Bg5  Qe7  12. Qd3
Nd8  13. d5  c6
14. dxc6  Bxc6  15. Nbd2  Ne6
16. Bxf6  gxf6  17. Nf1
Kh8  18. Qd2  Rg8
19. Ng3  Nf4  20. Kh2
Rad8  21. Rad1  Qe6
22. Bb3  d5  23. exd5
Bxd5  24. Bxd5  Rxd5
25. Qc2  Rxd1  26. Rxd1
a5  27. b3  f5
28. Rg1  e4  29. Ne1  Qe5
30. c4  bxc4  31. bxc4
Ne6  32. Rf1  Qf4
33. Qe2  e3  34. Nd3
Qxc4  35. fxe3  Bc7
36. Nf4  Qxe2  37. Ngxe2 Rd8
38. Kh1  Rd2  39. a4
Nxf4  40. Nxf4  Ra2
41. Nd5  Be5  42. Nb6
Rc2  43. Kg1  Bd6
44. Rxf5  Bc5  45. Nd5
Kg7  46. Rf2  Rc1+
47. Rf1  Rxf1+  48. Kxf1
Kg6  49. e4  Kg5
50. g3  Bd6  51. Kf2
h5  52. Kf3  f5
53. exf5  Kxf5  54. Ne3+  Ke5
55. Nc4+  Kd5  56. Nxd6
Kxd6 57. g4  hxg4+  58. hxg4
Ke6  59. Ke4  Kd6
60. g5  Ke6  61. Kf4
Kf7  62. Kf5  Kg7
63. g6  Kf8  64. Kf6
Kg8  65. g7  1-0

[Event "MCR mladeze 2021 - D12"]
[Site "Kouty nad Desnou"]
[Date "2021.06.25"]
[Round "5"]
[White "Stavova, Lucie"]
[Black "Kammova, Katerina"]
[Result "0-1"]
[WhiteElo "1105"]
[BlackElo "1121"]
[EventDate "2021.06.22"]

1. e4  e6  2. d4  d5
3. exd5  exd5  4. Nf3
Nf6  5. Be3  Bd6
6. Nbd2  O-O  7. Bd3
Be6  8. O-O  Nbd7
9. c4  c5  10. Qc2
Rc8  11. Bg5  h6
12. Bh4  a6  13. b3
cxd4  14. Nxd4  b5
15. N4f3  dxc4  16. bxc4
bxc4  17. Nxc4  Bxc4
18. Bxc4  Nb6  19. Nd2
Bf4  20. Rfd1  Bxd2
21. Bxf6  Qxf6  22. Qxd2
Nxc4  23. Qb4  Ne5
24. Rab1  Qg6  25. Ra1
Rc4  26. Qb3  Rg4
27. g3  h5  28. Kg2
Qe4+  29. Kf1  Qh1+
30. Ke2  Re4+  31. Kd2
Rd8+  32. Kc2  Re2+
33. Kc1  Rc8+  34. Kb1
Qe4+  35. Rd3  Re1+
36. Kb2  Nxd3+  37. Ka3
Qe7+  38. Ka4  Nc5+
39. Ka5  Nxb3+ 40. Kxa6  Qa3+
41. Kb7  Re7+  42. Kb6
Qa5#  0-1

[Event "MCR mladeze 2021 - D12"]
[Site "Kouty nad Desnou"]
[Date "2021.06.25"]
[Round "5"]
[White "Lackova, Ludmila"]
[Black "Stehlikova, Vanessa"]
[Result "1/2-1/2"]
[WhiteElo "1013"]
[BlackElo "1034"]
[EventDate "2021.06.22"]

1. e4  e5  2. Nf3  Nc6
3. Bc4  Bc5  4. c3
Nf6  5. d4  exd4
6. cxd4  Bb4+  7. Bd2
Nxe4  8. Bxf7+  Kxf7
9. Qb3+  d5  10. Bxb4
Nxb4  11. Qxb4  Qf8
12. Ne5+  Ke6  13. Qxf8
Rxf8  14. O-O  Kd6
15. Nc3 Nxc3  16. bxc3  Bf5
17. Rfe1  c5  18. g4
Be6  19. Rab1  b6
20. Re3  cxd4  21. cxd4
Rg8  22. Rbe1  Rae8
23. h3  g6  24. Kg2
Bd7  25. Nf7+  Kc7
26. Rc1+  Bc6  27. Ne5
Re6  28. Rxc6+  Rxc6
29. Nxc6  Kxc6  30. Re7
Kb5  31. Rxh7  a5
32. Rc7  1/2-1/2

[Event "MCR mladeze 2021 - D12"]
[Site "Kouty nad Desnou"]
[Date "2021.06.26"]
[Round "6"]
[White "Rybackova, Lucie"]
[Black "Slivova, Linda"]
[Result "1-0"]
[WhiteElo "1372"]
[BlackElo "1150"]
[EventDate "2021.06.22"]

1. e4  d5  2. exd5  Qxd5
3. Nc3  Qd6  4. d4
Nf6  5. Bc4  c6
6. Nge2  Bf5  7. Bf4  Qb4
8. Bb3  e6  9. Qd2
Qb6  10. O-O-O  Bb4
11. f3  Nd5  12. Bxd5
cxd5  13. Qe3  Qc6
14. a3  a5  15. Qe5
Kf8  16. axb4  axb4
17. Qd6+  Ke8  18. Qxb4
Na6  19. Qb5  Kd7
20. Qxc6+  Kxc6  21. Kd2
Nb4  22. Rc1  Rhc8
23. Be3  Na2  24. Nxa2
Rxa2  25. g4  Bg6
26. Nf4  Rxb2  27. Nxg6
hxg6  28. Rb1  Ra2
29. Ra1  Rxa1  30. Rxa1
Kb6  31. h4  Rh8
32. Bf2  Rc8  33. Kd3
Kb5  34. Rb1+  Kc6
35. c4  dxc4+  36. Kxc4
Rd8  37. Ra1  f6
38. Rh1  Rh8  39. h5
g5  40. Be3  Rh7
41. f4  gxf4  42. Bxf4
Rh8  43. Re1  Re8
44. h6  gxh6  45. Bxh6
Rg8  46. Rxe6+  Kd7
47. Rxf6  Rxg4  48. Kd5
Ke7  49. Rb6  Kd8
50. Rxb7  Rg6  51. Bf4
Rg4  52. Be5  Rg6
53. Bd6  Rg2  54. Kc6
Rc2+  55. Bc5  Kc8
56. Rh7  1-0

[Event "MCR mladeze 2021 - D12"]
[Site "Kouty nad Desnou"]
[Date "2021.06.26"]
[Round "6"]
[White "Mikesova, Lenka"]
[Black "Zadrapova, Amalie"]
[Result "1-0"]
[WhiteElo "1010"]
[BlackElo "1471"]
[EventDate "2021.06.22"]

1. e4  c5  2. Nf3  d6
3. d4  cxd4  4. Nxd4
Nf6  5. Nc3  a6
6. Bg5  Nbd7  7. f4  Qb6
8. Rb1  e6  9. Bxf6
Nxf6  10. Bd3  Bd7
11. Nf3  Qe3+  12. Qe2
Qxf4  13. O-O  Be7
14. e5  Ng4  15. g3
Qb4  16. exd6  Bxd6
17. Kh1  O-O  18. Ng5
h6  19. h3  Bc6+
20. Nge4  Nf6  21. Kh2
Be7  22. Nxf6+  Bxf6
23. Rf4  Qa5  24. h4
Bxc3  25. bxc3  Qxa2
26. Rbf1  Rad8  27. c4
Qb2  28. Rg4  Rd4
29. Qe5  Qxc2+  30. Bxc2
Rd2+  31. Rf2  Rxf2+
32. Kg1  Rg2+  33. Kf1
f6  34. Qxe6+  1-0

[Event "MCR mladeze 2021 - D12"]
[Site "Kouty nad Desnou"]
[Date "2021.06.26"]
[Round "6"]
[White "Sochorova, Valentyna"]
[Black "Barteckova, Valerie"]
[Result "0-1"]
[WhiteElo "1053"]
[BlackElo "1292"]
[EventDate "2021.06.22"]

1. e4  c6  2. d4  d5
3. Nc3  dxe4  4. Nxe4
Bf5  5. Bd3  Qxd4
6. Nf3  Qd8  7. O-O
Nd7  8. Re1  Bxe4
9. Bxe4  Ngf6  10. Qe2
e6  11. Bg5  Be7
12. Rad1  Qc7  13. Qd3
Nc5  14. Bxc6+  Qxc6
15. Qd4  O-O  16. b4
Rfd8  17. Qc4  Nce4
18. Qxc6  bxc6  19. Bh4
Bxb4  20. Bxf6  gxf6
21. Rf1  Nd2  22. Nxd2
Bxd2  23. f3  Be3+
24. Kh1  Kf8  25. Rxd8+
Rxd8  26. Re1  Bb6
27. g3  Rd2  28. Rc1
Ke7  29. a4  Kd7
30. c3  Kc7  31. f4
Be3  32. Rb1  Ra2
33. Re1  Bd2  34. Re2
Ra1+  35. Kg2  Bxc3
36. Rc2  Bb4  37. Rc4
Ra2+  38. Kf3  Rxa4
39. Ke4  a5  40. Kd3
Ra2  41. h3  Ra3+
42. Kc2  Rxg3  43. h4
h5  44. Kb2  Rg4
45. Kb3  Rxh4  46. Re4
Rh3+  47. Kc2  Rc3+
48. Kb2  Rd3  49. Rc4
c5  50. Kc2  Rd4
51. Rxd4  cxd4  52. Kd3
a4  53. Kc2  h4
0-1

[Event "MCR mladeze 2021 - D12"]
[Site "Kouty nad Desnou"]
[Date "2021.06.26"]
[Round "6"]
[White "Horkova, Tereza"]
[Black "Brezikova, Beata"]
[Result "0-1"]
[WhiteElo "1230"]
[BlackElo "1219"]
[EventDate "2021.06.22"]

1. e4  e5  2. Nf3  Nc6
3. Bc4  Nf6  4. Ng5
d5  5. exd5  b5
6. Bf1  Nd4  7. c3  Nxd5
8. cxd4  Qxg5  9. Bxb5+
Kd8  10. O-O  Bb7
11. Qf3  Rb8  12. d3
Qg6  13. Qh3  Bc8
14. Qf3  Rxb5  15. a4
Ra5  16. Bd2  Nb4
17. Bxb4  Bxb4  18. dxe5
Rxe5  19. Nc3  Rhe8
20. Rac1  Rf5  21. Qa8
Bxc3  22. Rxc3  Qb6
23. g4  Rg5  24. Rc4
Qb7  25. Rd4+  Ke7
26. Re1+  Kf8  27. Rd8
Rxd8  28. Qxb7  Bxb7
29. f4  Rxg4+  30. Kf2
Rxd3  31. b4  Rg2+
32. Kf1  Rxh2  33. b5
Rdh3  34. Kg1  Ra2
35. Re8+  Kxe8  36. b6
Rh1#  0-1

[Event "MCR mladeze 2021 - D12"]
[Site "Kouty nad Desnou"]
[Date "2021.06.26"]
[Round "6"]
[White "Kammova, Katerina"]
[Black "Dorazilova, Kristyna"]
[Result "0-1"]
[WhiteElo "1121"]
[BlackElo "1105"]
[EventDate "2021.06.22"]

1. e4  b6  2. d4  Bb7
3. d5  e6  4. c4
Be7  5. Nc3  d6
6. Nge2  Nf6  7. Bd2  c6
8. Bf4  O-O  9. h3
Na6  10. g4  Re8
11. Ng3  g6  12. h4
cxd5  13. cxd5  exd5
14. exd5  Nc7  15. Bg2
Nd7  16. Qd2  Ne5
17. Bxe5  dxe5  18. O-O-O
Bd6  19. Qh6  Bf8
20. Qd2  Rc8  21. Kb1
Qd7  22. Bh3  Qd8
23. d6  Bxd6 24. Qxd6  Qxd6
25. Rxd6  Bxh1  26. Nxh1
Red8  27. Rc6  Ne6
28. Rxc8  Rxc8  29. g5
Rc6  30. Bg2  Rd6
31. Kc1  Nf4  32. Nb5
Ne2+  33. Kb1  Rd7
34. Bf3  Nd4  35. Nxd4
Rxd4  36. Ng3  Rxh4
37. Ne4  Rf4  38. Bh1
Kg7  39. Kc2  h6
40. Kd3  hxg5  41. Ke3
Kh6  42. b3  g4
43. a4  g5  44. Nd6  a5
45. Bd5  f6  46. Bc4
Rf3+  47. Ke2  Kh5
48. Nc8  Rh3  49. Nxb6
g3  50. fxg3  Rxg3
51. Kf2  Rh3  52. Be2+
Kg6  53. Bd1  f5
54. Nc4  e4  55. Nxa5
Rh2+  56. Ke3  Rh3+
57. Kd4  Rd3+  58. Kc5
Rxd1 59. b4  e3  60. b5
e2  61. Nc4  e1=Q
62. b6  Qe7+  63. Kb5
Rb1+  64. Ka6  Qc5 0-1

[Event "MCR mladeze 2021 - D12"]
[Site "Kouty nad Desnou"]
[Date "2021.06.26"]
[Round "6"]
[White "Buchtova, Viktorie"]
[Black "Hladka, Leontyna"]
[Result "1-0"]
[WhiteElo "1432"]
[BlackElo "1127"]
[EventDate "2021.06.22"]

1. e4  e5  2. Nf3  Nc6
3. Bb5  d6  4. O-O
Nf6  5. d4  exd4
6. Nxd4  Bd7  7. Nxc6
bxc6  8. Ba4  Be7
9. Nc3  O-O  10. h3
c5  11. Bb3  Bc6
12. Re1  Re8  13. f4
Nd7  14. Qh5  Rf8
15. e5  dxe5  16. fxe5
g6  17. Qe2  Kh8
18. Bh6  Bg5  19. Bxf8
Qxf8  20. Rf1  f6
21. exf6  Bxf6  22. Kh1
Qg7  23. Rad1  Bxc3
24. bxc3  Qxc3  25. Qe6
Bb5  26. Rf3  Qe5
27. Qxe5+  Nxe5  28. Re3
Nc6  29. Rd7  Nb4
30. Rxc7  c4  31. Bxc4
Bxc4  32. Rxc4  Nd5
33. Re6  Nb6  34. Rce4
Kg7  35. Re8  Rxe8
36. Rxe8  Kf7  37. Rb8
1-0